Datum a čas kvízu

21 Celkem bodů Celkový počet nahraných bodů na tomto kvízu bez doplňovacích otázek.
13. Pořadí na kvízu Konečné umístění týmu na tomto kvízu.

Zaznamenané odpovědi

# Otázka Odpověď Body Výsledky
1. Finálový večer 26. ročníku sou... Jiří Veselý 0
2. 50letý německý sportovec a eko... B) na paddleboardu 0
3. TV Prima odtajnila soutěžící d... Daniela Brzobohatá (Písařovicová); Čestmír Strakatý 0.5
4. V Česku bude nový multimiliard... Petr Kellner (mladší) 1
5. Minulý týden pobavila sociální... D) moucha (lezoucí po míčku) 0
6. Brukvovitá zelenina obsahuje s... brokolice 1
7. Rostlinu, jejíž kořen je bohat... smetánka 1
8. Nyní se ptáme na název koření,... skořice 1
9. Máta se využívá k podpoře tráv... peprná 0
10. Tymián známe jako koření využí... A) mateřídouška 0